00632nam a22001697a 4500003000500000038000600005082001200011100002500023110004900048245016300097260004400260563000600304650002000310942001300330999001900343952010000362NUST a. a200 THE aAyesha Zahir 970219 aSupervisor Prof. Dr. Shoab Ahmed Khan984870 aTH-SOF-1406-Feasibility Analysis of Grid-Connected Solar Photovoltaic System based on Net-Metering Incentive for a Developing Country A Case Study of Pakistan aIslamabad:bNUST College of EME,c2017. a. aMS-EM-8 984871 cTHE2ddc c577229d577229 00102ddc4070aCEMEbCEMEcTHEd2019-11-25o200 THEpTH-SOF-1406r2021-06-28w2021-06-28yREF